938 mẫu soạn thảo văn bản quản lý hành chính tư pháp hợp đồng kinh tế, dân sự thường dùng

में बचाया:
ग्रंथसूची विवरण
निगमित लेखक: Bộ Tài Chính
स्वरूप: पुस्तक
भाषा:Undetermined
प्रकाशित: Thành phố Hồ Chí Minh Tài Chính 2004
विषय:
टैग : टैग जोड़ें
कोई टैग नहीं, इस रिकॉर्ड को टैग करने वाले पहले व्यक्ति बनें!
Thư viện lưu trữ: Trung tâm Học liệu Trường Đại học Cần Thơ
LEADER 00680nam a2200193Ia 4500
001 CTU_73834
008 210402s9999 xx 000 0 und d
020 |c 295000 
082 |a 651.74 
082 |b B450 
110 |a Bộ Tài Chính 
245 0 |a 938 mẫu soạn thảo văn bản quản lý hành chính tư pháp hợp đồng kinh tế, dân sự thường dùng 
245 0 |c Bộ Tài Chính 
260 |a Thành phố Hồ Chí Minh 
260 |b Tài Chính 
260 |c 2004 
650 |a Act of state,Commercial correspondence,Contracts 
904 |i Mia Loan, QHieu 
980 |a Trung tâm Học liệu Trường Đại học Cần Thơ